书目信息 |
| 题名: |
海洋腐蚀环境理论及其应用
|
|
| 作者: | 侯保荣 著 | |
| 分册: | ||
| 出版信息: | 北京 科学出版社 1999.02 |
|
| 页数: | 265页 | |
| 开本: | 26cm | |
| 丛书名: | ||
| 单 册: | ||
| 中图分类: | TG172.5 | |
| 科图分类: | ||
| 主题词: | 海水腐蚀 | |
| 电子资源: | ||
| ISBN: | 7-03-007055-0 | |
| 000 | 00576nam0 2200193 45 | |
| 001 | 0301160980 | |
| 005 | 20031219104103.5 | |
| 010 | @a7-03-007055-0@b精装@dCNY45.00 | |
| 100 | @a20030116d1999 km y0chiy0120 ea | |
| 101 | 0 | @achi |
| 105 | @ak z 000yy | |
| 200 | 1 | @a海洋腐蚀环境理论及其应用@AHai Yang Fu Shi Huan Jing Li Lun Ji Qi Ying Yong@f侯保荣等著@FHou Bao Rong Deng Zhu |
| 210 | @a北京@c科学出版社@d1999.02 | |
| 215 | @a265页@d26cm | |
| 606 | 0 | @a海水腐蚀 |
| 690 | @aTG172.5@v4 | |
| 701 | 0 | @a侯保荣@4著 |
| 801 | @aCN@bTSTC@c20030116 | |
| 905 | @b319407@dTG172.5@e17@f1 | |
| 海洋腐蚀环境理论及其应用/侯保荣等著.-北京:科学出版社,1999.02 |
| 265页;26cm |
| ISBN 7-03-007055-0(精装):CNY45.00 |
| ● |
| 相关链接 |
|
|
|
|
正题名:海洋腐蚀环境理论及其应用
索取号:TG172.5/17
 
预约/预借
| 序号 | 登录号 | 条形码 | 馆藏地/架位号 | 状态 | 备注 |
| 1 | 0319407 | 203194079 | 第二样本阅览室/ [索取号:TG172.5/17] | 在馆 |